NLSUI OPAC header image

The Politics of the Police (Record no. 210788)

MARC details
000 -LEADER
fixed length control field 01418nam a22001697a 4500
005 - DATE AND TIME OF LATEST TRANSACTION
control field 20220208120410.0
008 - FIXED-LENGTH DATA ELEMENTS--GENERAL INFORMATION
fixed length control field 220208b ||||| |||| 00| 0 eng d
020 ## - INTERNATIONAL STANDARD BOOK NUMBER
International Standard Book Number 9780198769255
082 ## - DEWEY DECIMAL CLASSIFICATION NUMBER
Classification number 363.20941 BOW
100 ## - MAIN ENTRY--PERSONAL NAME
Personal name Bowling Benjamin
245 ## - TITLE STATEMENT
Title The Politics of the Police
505 ## - FORMATTED CONTENTS NOTE
Formatted contents note Table of Contents<br/>PART I: Policing: Theory and Research;<br/>1:Watching the watchers: theory and research in policing studies;<br/>2:Theories and models of police and policing;<br/>PART II: History;<br/>3:Out of the blue: the establishment and diffusion of the modern police from the French Revolution to the 20th century;<br/>4:Learning the blues: the establishment and legitimation of professional policing in Britain 1829-2018;<br/>PART III: Social Research on Contemporary Policing Practice and Imagery;<br/>5:The police role, function and effects;<br/>6: A fair cop? Policing and social justice;<br/>7:Below, beyond and above the police pluralisation of policing;<br/>8:Cop cultures;<br/>9:The politics of global policing;<br/>10:Mass media technology and police cultural imaginaries;<br/>PART IV: Law and Politics;<br/>11:Police powers and accountability;<br/>Conclusion:Histories of the future
600 ## - SUBJECT ADDED ENTRY--PERSONAL NAME
Personal name Reiner Robert & Sheptycki James
650 ## - SUBJECT ADDED ENTRY--TOPICAL TERM
Topical term or geographic name entry element Police - Plitical Activity - Government Policy - U K
856 ## - ELECTRONIC LOCATION AND ACCESS
Uniform Resource Identifier <a href="https://www.google.co.in/books/edition/The_Politics_of_the_Police/qiCWDwAAQBAJ?hl=en&gbpv=1&printsec=frontcover">https://www.google.co.in/books/edition/The_Politics_of_the_Police/qiCWDwAAQBAJ?hl=en&gbpv=1&printsec=frontcover</a>
942 ## - ADDED ENTRY ELEMENTS (KOHA)
Source of classification or shelving scheme Dewey Decimal Classification
Koha item type BOOKs
Holdings
Withdrawn status Lost status Source of classification or shelving scheme Materials specified (bound volume or other part) Damaged status Not for loan Home library Current library Shelving location Date acquired Source of acquisition Cost, normal purchase price Total Checkouts Full call number Barcode Date last seen Price effective from Koha item type
    Dewey Decimal Classification PB     . . General Stacks 08.02.2022 Purchased 3477.00   363.20941 BOW 38557 08.02.2022 08.02.2022 BOOKs